Les jours fériés en France - Statistiques

Statistiques générales
  • Ce quiz a été pris 938 fois
    916 depuis la dernière actualisation
  • Le résultat moyen est 8 sur 11
Statistiques - réponses
Les jours fériés % Correct
Noël
94%
Lundi de Pâques
84%
Armistice
81%
Fête du travail
77%
Jour de l'an
71%
Lundi de Pentecôte
69%
Jeudi de l'ascension
68%
Fête nationale
67%
La Toussaint
67%
L'Assomption
61%
8 mai 1945
54%
Aucun quiz correspondant
Distribution des résultats
% des personnes avec chaque résultat
Percentile par nombre de réponses
Votre historique - résultats
Vous n’avez pas pris ce quiz depuis la dernière actualisation